000
00262nam a2200109 4500
008
160623b xxu||||| |||| 00| 0 eng d
100
_9
788
_a
Miller, C
245
_a
The Singer
260
_a
Ill
_b
Intervarsity Press
_c
1975
300
_a
The Singer
942
_2
ddc
_c
BK
999
_c
631
_d
631